Kết quả thực nghiệm tác động sư phạm nhằm hạn chế những khó khăn tâm lý trong việc giải quyết tình huống sư phạm của sinh viên sư phạm /

Spremljeno u:
Bibliografski detalji
Glavni autor: Đoàn Thị Tỵ.
Format: Članak
Jezik:Vietnamese
Teme:
Oznake: Dodaj oznaku
Bez oznaka, Budi prvi tko označuje ovaj zapis!
Thư viện lưu trữ: Thư viện Trường Đại học Đà Lạt
LEADER 00945nam a2200301 4500
001 DLU090065725
005 ##20090417
040 # # |a DLU  |b vie 
041 # # |a vie 
044 # # |a vn 
100 # # |a Đoàn Thị Tỵ. 
245 # # |a Kết quả thực nghiệm tác động sư phạm nhằm hạn chế những khó khăn tâm lý trong việc giải quyết tình huống sư phạm của sinh viên sư phạm /  |c Đoàn Thị Tỵ. 
653 # # |a Giải quyết 
653 # # |a Sư phạm 
653 # # |a Sinh viên 
653 # # |a Tâm lí sư phạm 
653 # # |a Tình huống 
773 # # |t Tạp chí Tâm lý học  |g Số 7, 2008, tr. 31-35 
920 # # |a Phòng Tạp chí -- Trung tâm Thông tin - Thư viện Trường Đại học Đà Lạt 
933 # # |a XH 
994 # # |a DLU 
900 # # |a True 
911 # # |a Hoàng Thị Huyền 
925 # # |a G 
926 # # |a A 
927 # # |a BB 
980 # # |a Thư viện Trường Đại học Đà Lạt